Statistics for Most Populated Countries In 1989

Click here to take the quiz!

General Stats

  • This quiz has been taken 42 times
  • The average score is 21 of 25

Answer Stats

Answer% Correct
China
100%
India
100%
United States
98%
Brazil
95%
Indonesia
95%
Italy
95%
Mexico
95%
United Kingdom
95%
France
93%
Japan
93%
Soviet Union
93%
Pakistan
90%
Egypt
83%
Bangladesh
81%
Nigeria
81%
Iran
79%
Turkey
79%
Ethiopia
71%
Philippines
71%
Vietnam
71%
Spain
69%
South Korea
67%
Thailand
67%
West Germany
60%
Myanmar
52%

Score Distribution

Percentile by Number Answered

Percent of People with Each Score

Your Score History

You have not taken this quiz